[Event "ch-ISR"]
[Site "Haifa ISR"]
[Date "2010.11.17"]
[Round "8.9"]
[White "Pasman, Michael"]
[Black "Sorin, Michael"]
[Result "1-0"]
[WhiteTitle "FM"]
[WhiteElo "2366"]
[BlackElo "2204"]
[WhiteFideId "2800500"]
[BlackFideId "2805030"]
[EventDate "2010.11.08"]
[EventType "swiss"]

1. d4 f5 2. Nc3 d5 3. Bf4 Nf6 4. e3 c6 5. Nf3 Be6 6. Bd3 g6 7. O-O Nbd7 8. h3
Bg7 9. Ne2 Ne4 10. b3 Ndf6 11. c4 O-O 12. Qc2 Rc8 13. c5 Qe8 14. b4 h6 15. Ne1
Bd7 16. Be5 Ng5 17. Nf4 Ngh7 18. f3 Kh8 19. g4 e6 20. Neg2 Rg8 21. Kh2 Qf7 22.
Rg1 g5 23. gxf5 exf5 24. Bxf5 Nf8 25. Ne2 Nh5 26. Bg4 Re8 27. Qc3 Nf6 28. Raf1
Ng6 29. Bd6 h5 30. Bxd7 Qxd7 31. Qd3 Bh6 32. Ng3 Bf8 33. Nf5 g4 34. hxg4 Bxd6+
35. cxd6 hxg4 36. Rh1 Nf8 37. Kg1+ N8h7 38. fxg4 Re4 39. Rf3 Rexg4 40. Rh2 Ne4
41. Qe2 R4g5 42. Ne7 Qxd6 43. Nxg8 Kxg8 44. Qe1 Nhf6 45. Rh6 Rg4 46. Rf4 Qe6 47.
Qe2 Rg5 48. Qf3 Kg7 49. Qh3 Qe7 50. Rh8 Rg6 51. Rc8 Rh6 52. Rh4 Ng5 53. Qg3 Rg6
54. Rc7 Nf3+ 55. Kf2 Rxg3 56. Rxe7+ Kf8 57. Kxg3 Nxh4 58. Rxb7 Nf5+ 59. Kf3 Ne4
60. Rxa7 Nfd6 61. a4 Nd2+ 62. Kf4 N2c4 63. Nh4 Ke8 64. a5 Kd8 65. Nf5 Nb5 66.
Rb7 Kc8 67. Rh7 Nca3 68. Ne7+ 1-0

[Event "ch-ISR"]
[Site "Haifa ISR"]
[Date "2010.11.17"]
[Round "8.10"]
[White "Shachar, Ehud"]
[Black "Axelrod, Arie"]
[Result "0-1"]
[WhiteTitle "FM"]
[BlackTitle "FM"]
[WhiteElo "2370"]
[BlackElo "2386"]
[WhiteFideId "2802198"]
[BlackFideId "2804867"]
[EventDate "2010.11.08"]
[EventType "swiss"]

1. e4 c5 2. Nf3 Nc6 3. d3 g6 4. g3 Bg7 5. Bg2 e5 6. O-O Nge7 7. c3 d5 8. Nbd2
O-O 9. a3 a5 10. a4 h6 11. exd5 Nxd5 12. Nc4 Bf5 13. Re1 Re8 14. Nh4 Be6 15. Qe2
Qc7 16. Bd2 Rad8 17. h3 Qd7 18. Kh2 Nde7 19. Be3 Qxd3 20. Qxd3 Rxd3 21. Nb6 c4
22. Bf1 e4 23. Bxd3 cxd3 24. f4 Rd8 25. Ng2 f5 26. Bd2 Rd6 27. Na8 Nd5 28. Ne3
Nce7 29. Nxd5 Nxd5 30. Rab1 Rd8 31. c4 Rxa8 32. cxd5 Bxd5 33. Rbc1 Bxb2 34. Rc5
Bc6 35. Rxa5 Rxa5 36. Bxa5 Bd4 37. Bd2 Bxa4 38. g4 Kf7 39. Kg3 b5 40. h4 b4 41.
h5 b3 42. g5 b2 0-1

[Event "ch-ISR"]
[Site "Haifa ISR"]
[Date "2010.11.17"]
[Round "8.13"]
[White "Rinberg, Alexander"]
[Black "Krayz, Alexander"]
[Result "1-0"]
[WhiteTitle "FM"]
[BlackTitle "IM"]
[WhiteElo "2302"]
[BlackElo "2339"]
[WhiteFideId "14102510"]
[BlackFideId "2802066"]
[EventDate "2010.11.08"]
[EventType "swiss"]

1. e4 Nf6 2. e5 Nd5 3. d4 d6 4. Bc4 Nb6 5. Bb3 dxe5 6. Qh5 e6 7. dxe5 a5 8. c3
Qd3 9. Ne2 a4 10. Bd1 Qg6 11. Qh3 Nc6 12. O-O Qf5 13. Qg3 h5 14. f4 Bc5+ 15. Kh1
g5 16. Qxg5 Qxg5 17. fxg5 Nxe5 18. Nd2 Nd5 19. Ne4 Bb6 20. Nf4 Ke7 21. Nxd5+
exd5 22. Nf6 Be6 23. Re1 Nd3 24. Nxd5+ Kd6 25. Nxb6 cxb6 26. Rf1 Nxc1 27. Rxc1
h4 28. a3 Rag8 29. h3 Rxg5 30. Rf4 Bd5 31. Rc2 b5 32. Rcf2 Ke5 33. Bg4 Rh6 34.
Kg1 f6 35. Rd4 Rhg6 36. Rfd2 Be4 37. Re2 Rxg4 38. hxg4 Rxg4 39. Kh2 f5 40. Rb4
Kf6 41. Rxb5 Bc6 42. Rb4 Kg5 43. Rf2 Rg3 44. Rd4 Rg4 45. Rd8 Be4 46. Rg8+ Kh5
47. Ra8 Bd3 48. Rd8 Be4 49. Rd4 b5 50. Rd8 Kg5 51. Rg8+ Kh5 52. Re8 Kg5 53. Re5
Bd3 54. Rd5 Rg3 55. Rd8 Kf6 56. Rf3 Rxf3 57. gxf3 Bc4 58. f4 Ke7 59. Rd4 Bf1 60.
Rd1 1-0

[Event "ch-ISR"]
[Site "Haifa ISR"]
[Date "2010.11.17"]
[Round "8.14"]
[White "Shevelev, Arkady"]
[Black "Kataev, Simcho"]
[Result "1/2-1/2"]
[WhiteTitle "IM"]
[BlackTitle "FM"]
[WhiteElo "2315"]
[BlackElo "2281"]
[WhiteFideId "2802163"]
[BlackFideId "4106644"]
[EventDate "2010.11.08"]
[EventType "swiss"]

1. d4 d5 2. c4 c6 3. cxd5 cxd5 4. Nc3 Nf6 5. Nf3 Nc6 6. Bf4 a6 7. e3 e6 8. Be2
Bd6 9. Bxd6 Qxd6 10. O-O O-O 11. a3 b5 1/2-1/2

[Event "ch-ISR"]
[Site "Haifa ISR"]
[Date "2010.11.17"]
[Round "8.15"]
[White "Prozhanski, Genrik"]
[Black "Birnboim, Nathan"]
[Result "0-1"]
[BlackTitle "IM"]
[WhiteElo "2342"]
[BlackElo "2387"]
[WhiteFideId "2802767"]
[BlackFideId "2800209"]
[EventDate "2010.11.08"]
[EventType "swiss"]

1. d4 Nf6 2. c4 g6 3. Nc3 d5 4. Nf3 Bg7 5. Bf4 O-O 6. Rc1 c6 7. e3 Qa5 8. Bd3
Bg4 9. h3 Bxf3 10. Qxf3 Nbd7 11. Qe2 dxc4 12. Bxc4 e5 13. dxe5 Nxe5 14. O-O Nxc4
15. Qxc4 Rfd8 16. e4 Nd7 17. b4 Qh5 18. Rcd1 Nb6 19. Qb3 Rxd1 20. Nxd1 Qe2 21.
Ne3 Rd8 22. Rd1 Rd2 23. Bg3 Nc4 24. Rxd2 Nxd2 25. Qa3 Nxe4 26. Qxa7 Nxg3 27.
Qb8+ Bf8 28. Qxg3 Qxa2 0-1

[Event "ch-ISR"]
[Site "Haifa ISR"]
[Date "2010.11.18"]
[Round "9.2"]
[White "Berkovich, Mark A"]
[Black "Nabaty, Tamir"]
[Result "1/2-1/2"]
[WhiteTitle "IM"]
[BlackTitle "IM"]
[WhiteElo "2392"]
[BlackElo "2529"]
[WhiteFideId "2801639"]
[BlackFideId "2809052"]
[EventDate "2010.11.08"]
[EventType "swiss"]

1. d4 Nf6 2. Nf3 e6 3. g3 b5 4. Bg2 Bb7 5. O-O c5 6. c3 Be7 7. dxc5 Bxc5 8. b4
Be7 9. a4 bxa4 10. Qxa4 O-O 11. Nbd2 a5 12. b5 d5 13. Ba3 Nbd7 14. Bxe7 Qxe7 15.
Qa3 Qxa3 16. Rxa3 a4 17. c4 Rfc8 18. Nd4 Nb6 19. cxd5 Nfxd5 20. Rfa1 Kf8 21. Kf1
Rc7 22. Be4 Rd8 23. e3 g6 24. g4 Ke7 25. g5 h6 26. h4 hxg5 27. hxg5 Rh8 28. Ke2
e5 29. Nc6+ Bxc6 30. bxc6 Rxc6 31. Kf3 Rd8 32. Rb1 Rc3 33. Ra2 Rc7 34. Bxd5 Nxd5
35. Ne4 Ra7 36. Ra3 Nc7 37. Rb4 Rda8 38. Nc3 Ne6 39. Nd5+ Kf8 40. Kg4 Kg7 41.
Nc3 Nc5 42. Ne4 Nxe4 43. Rxe4 Ra5 44. f4 Kf8 45. f5 Ke7 46. Rb4 Kd6 47. fxg6
fxg6 48. Rb6+ Kc5 49. Rxg6 Kb4 50. Ra1 a3 51. Rb6+ Kc3 52. Ra2 Rf8 53. g6 e4 54.
g7 Rg8 55. Rb7 Kd3 56. Kf4 Ra6 57. Rb3+ Kc4 58. Rbxa3 Rf6+ 59. Ke5 Rf7 60. Ra4+
Kd3 61. R4a3+ Kc4 62. Ra4+ Kd3 63. R4a3+ 1/2-1/2

[Event "ch-ISR"]
[Site "Haifa ISR"]
[Date "2010.11.18"]
[Round "9.5"]
[White "Gruenfeld, Yehuda"]
[Black "Zaltz, Dov"]
[Result "1-0"]
[WhiteTitle "GM"]
[WhiteElo "2469"]
[BlackElo "2316"]
[WhiteFideId "2800020"]
[BlackFideId "2800578"]
[EventDate "2010.11.08"]
[EventType "swiss"]

1. e4 c5 2. Nf3 d6 3. d4 cxd4 4. Nxd4 Nf6 5. Nc3 g6 6. Be3 Bg7 7. f3 Nc6 8. Bc4
O-O 9. Qd2 Bd7 10. O-O-O Rc8 11. Bb3 Nxd4 12. Bxd4 b5 13. e5 dxe5 14. Bxe5 Bc6
15. Qe3 Qa5 16. a3 b4 17. axb4 Qxb4 18. Kb1 a5 19. Qd4 Qb7 20. Rhe1 Ne8 21. Qf4
a4 22. Nxa4 Bxa4 23. Bxa4 f6 24. Bb3+ Kh8 25. Bc3 e5 26. Qb4 Qa6 27. Qa5 Qb7 28.
Bb4 Nc7 29. Rd7 Rfd8 30. Red1 Rxd7 31. Rxd7 Qc6 32. Rd6 Qe8 33. Ba4 Qg8 34. Rc6
Ra8 35. Qxc7 Rxa4 36. Ba3 Ra8 37. Qd7 Rd8 38. Qe6 Qxe6 39. Rxe6 Rd1+ 40. Ka2 Kg8
41. Re8+ Kf7 42. Re7+ Kg8 43. c4 Rd2 44. c5 Bf8 45. Rb7 Rc2 46. Kb1 Rc4 47. Rb4 1-0

[Event "ch-ISR"]
[Site "Haifa ISR"]
[Date "2010.11.18"]
[Round "9.6"]
[White "Kantsler, Boris"]
[Black "Zaslavsky, Mikhail"]
[Result "1/2-1/2"]
[WhiteTitle "GM"]
[BlackTitle "IM"]
[WhiteElo "2440"]
[BlackElo "2424"]
[WhiteFideId "2805359"]
[BlackFideId "2807670"]
[EventDate "2010.11.08"]
[EventType "swiss"]

1. d4 Nf6 2. c4 g6 3. Nf3 Bg7 4. g3 O-O 5. Bg2 d5 6. cxd5 Nxd5 7. O-O c5 8. e4
Nf6 9. e5 Nfd7 10. e6 fxe6 11. Ng5 Qb6 12. Qe2 cxd4 13. Qxe6+ Qxe6 14. Nxe6 Nc6
15. Nxf8 Kxf8 16. Nd2 Nf6 17. Nb3 e5 18. Bg5 Bf5 19. Nc5 Nb4 20. Bxf6 Bxf6 21.
Ne4 Be7 22. Rac1 Rd8 23. Rfd1 Bg4 24. Rd2 Nxa2 25. Ra1 Be6 26. b3 Bxb3 27. Rdxa2
Bxa2 28. Rxa2 d3 29. Rxa7 d2 30. Nxd2 Rxd2 31. Rxb7 Bc5 32. Rxh7 Rxf2 33. Rc7
Rc2+ 34. Kf1 Rf2+ 35. Kg1 Rc2+ 36. Kf1 Rf2+ 37. Kg1 1/2-1/2

[Event "ch-ISR"]
[Site "Haifa ISR"]
[Date "2010.11.18"]
[Round "9.7"]
[White "Vydeslaver, Alik"]
[Black "Pasman, Michael"]
[Result "1-0"]
[WhiteTitle "IM"]
[BlackTitle "FM"]
[WhiteElo "2388"]
[BlackElo "2366"]
[WhiteFideId "2801876"]
[BlackFideId "2800500"]
[EventDate "2010.11.08"]
[EventType "swiss"]

1. e4 c6 2. d4 d5 3. Nd2 dxe4 4. Nxe4 Bf5 5. Nc5 e5 6. Nb3 exd4 7. Nxd4 Bg6 8.
Bc4 Bd6 9. Ngf3 Nf6 10. Qe2+ Qe7 11. Qxe7+ Kxe7 12. Nh4 Re8 13. O-O Kf8 14. Ndf5
Bc5 15. Bf4 Nbd7 16. Bd6+ Kg8 17. Rfe1 Ne4 18. Bxc5 Ndxc5 19. f3 Nd2 20. Rxe8+
Rxe8 21. Nxg6 hxg6 22. Bxf7+ Kxf7 23. Nd6+ Kf8 24. Nxe8 Kxe8 25. b3 Nxf3+ 26.
gxf3 Ne6 27. Kf2 g5 28. Ke3 Ke7 29. Rd1 Nf4 30. c4 b5 31. cxb5 cxb5 32. Ke4 Ke6
33. Rd8 Ne2 34. Ke3 Nc3 35. Ra8 Nxa2 36. Rxa7 Nc3 37. Rxg7 Nd5+ 38. Kd4 1-0

[Event "ch-ISR"]
[Site "Haifa ISR"]
[Date "2010.11.18"]
[Round "9.8"]
[White "Axelrod, Arie"]
[Black "Sheskin, Matan"]
[Result "1-0"]
[WhiteTitle "FM"]
[WhiteElo "2386"]
[BlackElo "2252"]
[WhiteFideId "2804867"]
[BlackFideId "2809435"]
[EventDate "2010.11.08"]
[EventType "swiss"]

1. d4 d5 2. Bf4 Nf6 3. e3 c5 4. c3 Nc6 5. Nd2 Qb6 6. Qb3 Bf5 7. dxc5 Qxb3 8.
Nxb3 e5 9. Bg3 Nd7 10. Bb5 f6 11. O-O-O Be6 12. f4 a6 13. Bxc6 bxc6 14. fxe5
fxe5 15. Nf3 Bg4 16. Rdf1 e4 17. Ne5 Nxe5 18. Bxe5 Be2 19. Rf5 Bb5 20. Kd2 Ra7
21. Nd4 Rf7 22. Rxf7 Kxf7 23. b4 Be7 24. a4 Bxa4 25. Rf1+ Kg6 26. Ra1 Bb5 27.
Nxb5 axb5 28. Ra7 Bf6 29. Bxf6 gxf6 30. Rc7 Ra8 31. Rxc6 Kf5 32. Rb6 Ra2+ 33.
Kd1 Ra3 34. Kc2 d4 35. exd4 Ra2+ 36. Kb3 e3 37. Rb8 Rxg2 38. Re8 Kf4 39. c6 Rg5
40. c7 Re5 41. dxe5 f5 42. Rg8 1-0

[Event "ch-ISR"]
[Site "Haifa ISR"]
[Date "2010.11.18"]
[Round "9.9"]
[White "Reshef, Omer"]
[Black "Kudischewitsch, David"]
[Result "0-1"]
[BlackTitle "IM"]
[WhiteElo "2015"]
[BlackElo "2366"]
[WhiteFideId "2804336"]
[BlackFideId "4111893"]
[EventDate "2010.11.08"]
[EventType "swiss"]

1. e4 c5 2. Nf3 e6 3. d4 cxd4 4. Nxd4 a6 5. Be2 Nf6 6. Nd2 d6 7. O-O Be7 8. c4
O-O 9. b3 b6 10. Bb2 Bb7 11. Qc2 Nbd7 12. Rac1 Rc8 13. Qb1 Qc7 14. b4 Qb8 15.
N4b3 Qa8 16. f3 h6 17. a4 a5 18. bxa5 bxa5 19. Bc3 Bd8 20. Kh1 Bc6 21. Qa1 Bb6
22. Nd4 Rfd8 23. N2b3 Ne8 24. Nxc6 Rxc6 25. Nd4 Bxd4 26. Bxd4 e5 27. Be3 Nc7 28.
f4 exf4 29. Rxf4 Ne6 30. Rf5 Nec5 31. Rcf1 Ne5 32. Qd4 Rc7 33. Rxe5 dxe5 34.
Qxe5 Qc6 35. Bh5 f6 36. Qg3 Nxe4 37. Qg6 Qxc4 38. Rg1 Re7 39. h3 Qc3 40. Bf4
Nf2+ 41. Kh2 Nd3 42. Rd1 Rd4 43. Rb1 Rb4 44. Rd1 Rxf4 45. Rxd3 Qc7 46. Qg3 Rxa4
47. Bg6 Kf8 48. Rd6 Rc4 49. Ra6 Qxg3+ 50. Kxg3 Re5 51. Kh2 Rg5 52. Bd3 Rd4 53.
Be2 Ke7 54. Bf3 Rd7 55. h4 Rc5 56. h5 Rg5 57. Kg1 Rd2 58. Kh1 Kd7 59. Ra7+ Kd6
60. Ra6+ Kc7 61. Rc6+ Kb8 62. Ra6 Ra2 63. Ra8+ Kc7 64. Ra7+ Kb6 65. Rb7+ Kc5 66.
Rc7+ Kd4 67. Rd7+ Ke3 68. Re7+ Kf4 69. Kh2 a4 70. Rd7 Rb2 71. Rd3 Ra2 72. Rd7 a3
73. Ra7 Ra1 74. Rc7 Ke3 75. Re7+ Kd4 76. Rd7+ Kc5 77. Rc7+ Kb6 78. Rb7+ Ka6 79.
Rb3 a2 80. Rb8 Ra5 81. Ra8+ Kb6 82. Rb8+ Kc7 83. Rb7+ Kc8 84. Rxg7 Rc1 85. Rg8+
Kc7 86. Rg7+ Kd6 87. Bg4 a1=Q 88. Rd7+ Kc6 0-1

[Event "ch-ISR"]
[Site "Haifa ISR"]
[Date "2010.11.18"]
[Round "9.10"]
[White "Zanan, Evgeny"]
[Black "Galburd, Yan"]
[Result "0-1"]
[WhiteTitle "FM"]
[WhiteElo "2207"]
[BlackElo "2322"]
[WhiteFideId "24101940"]
[BlackFideId "2808528"]
[EventDate "2010.11.08"]
[EventType "swiss"]

1. d4 Nf6 2. c4 g6 3. Nc3 Bg7 4. g3 O-O 5. Bg2 d6 6. Nf3 Nbd7 7. O-O c5 8. h3
Rb8 9. b3 a6 10. a4 cxd4 11. Nxd4 Nc5 12. e4 Bd7 13. Be3 Ne6 14. f4 Qa5 15. Rc1
Nh5 16. Kh2 Nxd4 17. Bxd4 e5 18. fxe5 Bxe5 19. Bxe5 Qxe5 20. Qd3 Bc6 21. b4 b6
22. Rfd1 Rfd8 23. Rd2 Rbc8 24. Rcd1 Bb7 25. Ne2 Nf6 26. Qd4 Re8 27. Qxe5 dxe5
28. Rd6 Re6 29. Rd8+ Rxd8 30. Rxd8+ Kg7 31. Nc3 Rc6 32. Bf1 a5 33. bxa5 bxa5 34.
Rd2 Ba6 35. Nb5 Nxe4 36. Rd5 Rc5 37. Bg2 Rxd5 38. cxd5 Bxb5 39. axb5 Nd6 40. b6
Kf8 41. Bf1 Ke7 42. Bb5 Kd8 43. Bc6 Nc4 44. b7 Kc7 45. g4 h6 46. h4 Nd6 47. Kg3
Nxb7 48. g5 hxg5 49. hxg5 Nd6 50. Kf3 Kb6 51. Ke3 Kc5 52. Kd3 Kb4 53. Bd7 a4 54.
Kc2 a3 55. Bh3 Kc4 56. Bg2 e4 57. Bf1+ Kxd5 58. Kb3 Kd4 0-1

[Event "ch-ISR"]
[Site "Haifa ISR"]
[Date "2010.11.18"]
[Round "9.12"]
[White "Birnboim, Nathan"]
[Black "Shachar, Ehud"]
[Result "0-1"]
[WhiteTitle "IM"]
[BlackTitle "FM"]
[WhiteElo "2387"]
[BlackElo "2370"]
[WhiteFideId "2800209"]
[BlackFideId "2802198"]
[EventDate "2010.11.08"]
[EventType "swiss"]

1. d4 e6 2. Nf3 f5 3. Bg5 Be7 4. Bxe7 Qxe7 5. c4 Nf6 6. Nc3 O-O 7. Qc2 d6 8. g3
e5 9. Bh3 e4 10. Nh4 g6 11. O-O-O c6 12. f3 d5 13. cxd5 cxd5 14. Qb3 Be6 15.
fxe4 dxe4 16. d5 Bf7 17. Rhf1 Nbd7 18. Kb1 a5 19. Rd4 Ra6 20. Qd1 Re8 21. Qd2
Kh8 22. Ng2 e3 23. Qd1 Nc5 24. d6 Qd7 25. g4 Ne6 26. Rd3 Ng5 27. gxf5 Nxh3 28.
Nxe3 g5 29. Ng2 g4 30. Qd2 Rd8 31. e4 Rxd6 32. Rxd6 Qxd6 33. Qxd6 Rxd6 34. e5
Rd2 35. Ne3 Rxh2 36. exf6 g3 37. Rd1 h5 38. Nf1 Rg2 39. Ne4 h4 40. Ne3 Re2 41.
Nd6 Ng5 42. Rd4 h3 0-1

[Event "ch-ISR"]
[Site "Haifa ISR"]
[Date "2010.11.18"]
[Round "9.14"]
[White "Givon, Asaf"]
[Black "Shevelev, Arkady"]
[Result "0-1"]
[BlackTitle "IM"]
[WhiteElo "2226"]
[BlackElo "2315"]
[WhiteFideId "2801841"]
[BlackFideId "2802163"]
[EventDate "2010.11.08"]
[EventType "swiss"]

1. e4 c6 2. d4 d5 3. Nd2 g6 4. Ngf3 Bg7 5. h3 Nh6 6. Bd3 O-O 7. O-O f6 8. Re1
Nf7 9. c4 e6 10. b3 Nd7 11. Bb2 dxe4 12. Nxe4 f5 13. Ng3 c5 14. Bf1 cxd4 15.
Nxd4 Nc5 16. b4 Na6 17. Rb1 Nc7 18. Nb3 e5 19. Qc2 Ne6 20. Rbd1 Qe7 21. c5 Bd7
22. Bc4 Rac8 23. Qe2 Rfe8 24. Nf1 Nf4 25. Qd2 Bc6 26. f3 Qg5 27. Kh2 Qh4 28. b5
Rcd8 29. Qe3 Bd5 30. Bxd5 Nxd5 31. Qg1 Nf4 32. Nc1 Ng5 33. Qe3 Ngxh3 34. g3 Qh5
35. Qb3+ Kh8 36. gxf4 Nxf4+ 37. Kg1 Qg5+ 38. Kf2 Qg2+ 0-1

[Event "ch-ISR"]
[Site "Haifa ISR"]
[Date "2010.11.18"]
[Round "9.15"]
[White "Kataev, Simcho"]
[Black "Mamut, Igor"]
[Result "0-1"]
[WhiteTitle "FM"]
[WhiteElo "2281"]
[BlackElo "2229"]
[WhiteFideId "4106644"]
[BlackFideId "2803020"]
[EventDate "2010.11.08"]
[EventType "swiss"]

1. c4 g6 2. Nc3 Bg7 3. g3 Nf6 4. e4 O-O 5. Bg2 c5 6. Nge2 Nc6 7. O-O d6 8. d3 a6
9. a4 Rb8 10. h3 Bd7 11. f4 Ne8 12. Kh2 Nc7 13. b3 b5 14. axb5 axb5 15. Ra2 Nb4
16. Rd2 Ne6 17. Nd5 Nxd5 18. exd5 Nd4 19. Nxd4 Bxd4 20. Bb2 Bxb2 21. Rxb2 Qa5
22. Re2 Rfe8 23. Rfe1 Kf8 24. g4 Qc3 25. Re3 Ra8 26. Kg3 Ra2 27. R1e2 Ra1 28.
Qd2 Qxd2 29. Rxd2 Ra3 30. Rb2 Rb8 31. Kh4 h6 32. Rbe2 Rxb3 33. Rxe7 Rd8 34. f5
gxf5 35. g5 hxg5+ 36. Kxg5 Kg7 37. cxb5 Bxb5 38. Bf3 Rxd3 39. Rf2 Rd7 40. Re1
Rd4 41. Rg2 Bd3 42. Re8 c4 43. Ra2 f6+ 44. Kh5 Be4 45. Bxe4 fxe4 46. Rg2+ Kf7
47. Rgg8 Rxd5+ 48. Kh6 Re7 49. Rc8 Rc5 50. Rcd8 Ke6 0-1